00488cam a22001572 4500001001100000005001700011008004100028020001700069040001500086100003200101245009000133250001300223260003800236300001600274650004000290000002551320151217154550.0151012s xx 000 0 eng d a0414023253 : aKABUcKABU1 aChuah, J. C. T.@000015868610aLaw of international trade :bcross-border commercial transactions /cJ. C. T. Chuah. a5th ed. aLondon :bSweet & Maxwell,c2013. alx, 846 p. 0aExport sales contracts.@0000158687